000 00565nam a2200229Ia 4500
003 OSt
005 20221005122715.0
006 a|||||r|||| 00| 0
007 ta
008 221004b |||||||| |||| 00| 0 kan d
024 _a59902
037 _cTextual
040 _aCRL
_cCRL
_bkan
041 _2kan
_akan
082 _aO33,1:g, L7
100 _aBuddanna B Au.
_9632470
245 0 _aKannadadalli shokakavya
260 _c1977
650 _aKANNAD POETRY
942 _hO33,1:g, L7
_cTEXL
_2cc
999 _c1045141
_d1045141